|
|
|
|
| LEADER |
00981cam a2200253 a 4500 |
| 001 |
c000298195 |
| 003 |
CARM |
| 005 |
20090603181050.0 |
| 008 |
740212s1973 enka b 001 0 eng |
| 015 |
|
|
|a GB73-22784
|
| 019 |
1 |
|
|a 316227
|5 LACONCORD2021
|
| 020 |
|
|
|a 0853344698 :
|c £6.00
|
| 035 |
|
|
|a (OCoLC)822168
|5 LACONCORD2021
|
| 082 |
0 |
0 |
|a 665
|
| 245 |
1 |
0 |
|a Criteria for quality of petroleum products /
|c edited by J. P. Allinson.
|
| 260 |
|
|
|a Barking :
|b Applied Science Publishers [for] the Institute of Petroleum,
|c 1973.
|
| 300 |
|
|
|a xii, 286 p. :
|b illus ;
|c 26 cm.
|
| 504 |
|
|
|a Includes bibliographies and index.
|
| 650 |
|
0 |
|a Petroleum products
|x Analysis.
|
| 650 |
|
0 |
|a Petroleum products
|x Testing.
|
| 700 |
1 |
0 |
|a Allinson, J. P.
|e ed.
|
| 852 |
8 |
|
|b CARM
|h A3:AD29G0
|i C11938
|p 0542307
|f BK
|
| 999 |
f |
f |
|i 39499398-4be5-5e6c-b63b-bcc931d9dec7
|s fd59adf9-b7b4-5f30-9914-f69adbaa1f49
|
| 952 |
f |
f |
|p Can circulate
|a CAVAL
|b CAVAL
|c CAVAL
|d CARM 1 Store
|e C11938
|f A3:AD29G0
|h Other scheme
|i book
|m 0542307
|